<?xml version="1.0" encoding="UTF-8"?>
<collection xmlns="http://www.loc.gov/MARC21/slim">
 <record>
  <leader>02749nam a22003257a 4500</leader>
  <controlfield tag="001">NCT_75747</controlfield>
  <controlfield tag="008">200225b        xxu||||| |||| 00| 0 vie d</controlfield>
  <datafield tag="999" ind1=" " ind2=" ">
   <subfield code="c">3691</subfield>
   <subfield code="d">3691</subfield>
  </datafield>
  <datafield tag="020" ind1=" " ind2=" ">
   <subfield code="a">9786048228200</subfield>
   <subfield code="c">88000</subfield>
  </datafield>
  <datafield tag="082" ind1="0" ind2="4">
   <subfield code="2">23rd ed.</subfield>
   <subfield code="a">628.53</subfield>
   <subfield code="b">V500</subfield>
  </datafield>
  <datafield tag="100" ind1="1" ind2=" ">
   <subfield code="a">Phạm Duy Vũ</subfield>
   <subfield code="e">Chủ biên</subfield>
  </datafield>
  <datafield tag="245" ind1="1" ind2="0">
   <subfield code="a">Kỹ thuật xử lý khí phát thải</subfield>
   <subfield code="c">Phạm Duy Vũ (chủ biên) ; Huỳnh Ngọc Hùng, Nguyễn Quốc Huy</subfield>
  </datafield>
  <datafield tag="260" ind1=" " ind2=" ">
   <subfield code="a">H.</subfield>
   <subfield code="b">Xây dựng</subfield>
   <subfield code="c">2019</subfield>
  </datafield>
  <datafield tag="300" ind1=" " ind2=" ">
   <subfield code="a">154 tr.</subfield>
   <subfield code="b">hình vẽ</subfield>
   <subfield code="c">27cm</subfield>
  </datafield>
  <datafield tag="520" ind1="3" ind2=" ">
   <subfield code="a">Trình bày những kiến thức tổng quan về các nguồn ô nhiễm không khí, tác hại của các loại khí thải và các cơ sở lý thuyết được sử dụng để tính toán cho các thiết bị xử lý khói thải. Ngoài ra trình bày cấu tạo, nguyên lý làm việc, lý thuyết tính toán các thiết bị thu hồi bụi kiểu khô và kiểu ướt....</subfield>
  </datafield>
  <datafield tag="653" ind1=" " ind2=" ">
   <subfield code="a">Quản lý tài nguyên &amp; Môi trường.</subfield>
  </datafield>
  <datafield tag="700" ind1="1" ind2=" ">
   <subfield code="a">Huỳnh Ngọc Hùng</subfield>
  </datafield>
  <datafield tag="700" ind1="1" ind2=" ">
   <subfield code="a">Nguyễn Quốc Huy</subfield>
  </datafield>
  <datafield tag="942" ind1=" " ind2=" ">
   <subfield code="2">ddc</subfield>
   <subfield code="c">BK</subfield>
  </datafield>
  <datafield tag="952" ind1=" " ind2=" ">
   <subfield code="0">0</subfield>
   <subfield code="1">0</subfield>
   <subfield code="2">ddc</subfield>
   <subfield code="4">0</subfield>
   <subfield code="6">628_530000000000000_V500</subfield>
   <subfield code="7">0</subfield>
   <subfield code="9">18933</subfield>
   <subfield code="a">000001</subfield>
   <subfield code="b">000001</subfield>
   <subfield code="d">2020-02-25</subfield>
   <subfield code="o">628.53 V500</subfield>
   <subfield code="p">MD.16718</subfield>
   <subfield code="r">2020-02-25</subfield>
   <subfield code="v">88000.00</subfield>
   <subfield code="w">2020-02-25</subfield>
   <subfield code="y">BK</subfield>
  </datafield>
  <datafield tag="952" ind1=" " ind2=" ">
   <subfield code="0">0</subfield>
   <subfield code="1">0</subfield>
   <subfield code="2">ddc</subfield>
   <subfield code="4">0</subfield>
   <subfield code="6">628_530000000000000_V500</subfield>
   <subfield code="7">0</subfield>
   <subfield code="9">18934</subfield>
   <subfield code="a">000001</subfield>
   <subfield code="b">000001</subfield>
   <subfield code="d">2020-02-25</subfield>
   <subfield code="o">628.53 V500</subfield>
   <subfield code="p">MD.16719</subfield>
   <subfield code="r">2020-02-25</subfield>
   <subfield code="v">88000.00</subfield>
   <subfield code="w">2020-02-25</subfield>
   <subfield code="y">BK</subfield>
  </datafield>
  <datafield tag="952" ind1=" " ind2=" ">
   <subfield code="0">0</subfield>
   <subfield code="1">0</subfield>
   <subfield code="2">ddc</subfield>
   <subfield code="4">0</subfield>
   <subfield code="6">628_530000000000000_V500</subfield>
   <subfield code="7">0</subfield>
   <subfield code="9">18935</subfield>
   <subfield code="a">000001</subfield>
   <subfield code="b">000001</subfield>
   <subfield code="d">2020-02-25</subfield>
   <subfield code="o">628.53 V500</subfield>
   <subfield code="p">MD.16720</subfield>
   <subfield code="r">2020-02-25</subfield>
   <subfield code="v">88000.00</subfield>
   <subfield code="w">2020-02-25</subfield>
   <subfield code="y">BK</subfield>
  </datafield>
  <datafield tag="952" ind1=" " ind2=" ">
   <subfield code="0">0</subfield>
   <subfield code="1">0</subfield>
   <subfield code="2">ddc</subfield>
   <subfield code="4">0</subfield>
   <subfield code="6">628_530000000000000_V500</subfield>
   <subfield code="7">0</subfield>
   <subfield code="9">18936</subfield>
   <subfield code="a">000001</subfield>
   <subfield code="b">000001</subfield>
   <subfield code="d">2020-02-25</subfield>
   <subfield code="o">628.53 V500</subfield>
   <subfield code="p">MD.16721</subfield>
   <subfield code="r">2020-02-25</subfield>
   <subfield code="v">88000.00</subfield>
   <subfield code="w">2020-02-25</subfield>
   <subfield code="y">BK</subfield>
  </datafield>
  <datafield tag="952" ind1=" " ind2=" ">
   <subfield code="0">0</subfield>
   <subfield code="1">0</subfield>
   <subfield code="2">ddc</subfield>
   <subfield code="4">0</subfield>
   <subfield code="6">628_530000000000000_V500</subfield>
   <subfield code="7">0</subfield>
   <subfield code="9">18937</subfield>
   <subfield code="a">000001</subfield>
   <subfield code="b">000001</subfield>
   <subfield code="d">2020-02-25</subfield>
   <subfield code="o">628.53 V500</subfield>
   <subfield code="p">MD.16722</subfield>
   <subfield code="r">2020-02-25</subfield>
   <subfield code="v">88000.00</subfield>
   <subfield code="w">2020-02-25</subfield>
   <subfield code="y">BK</subfield>
  </datafield>
  <datafield tag="952" ind1=" " ind2=" ">
   <subfield code="0">0</subfield>
   <subfield code="1">0</subfield>
   <subfield code="2">ddc</subfield>
   <subfield code="4">0</subfield>
   <subfield code="6">628_530000000000000_V500</subfield>
   <subfield code="7">0</subfield>
   <subfield code="9">18938</subfield>
   <subfield code="a">000001</subfield>
   <subfield code="b">000001</subfield>
   <subfield code="d">2020-02-25</subfield>
   <subfield code="o">628.53 V500</subfield>
   <subfield code="p">MD.16723</subfield>
   <subfield code="r">2020-02-25</subfield>
   <subfield code="v">88000.00</subfield>
   <subfield code="w">2020-02-25</subfield>
   <subfield code="y">BK</subfield>
  </datafield>
  <datafield tag="952" ind1=" " ind2=" ">
   <subfield code="0">0</subfield>
   <subfield code="1">0</subfield>
   <subfield code="2">ddc</subfield>
   <subfield code="4">0</subfield>
   <subfield code="6">628_530000000000000_V500</subfield>
   <subfield code="7">0</subfield>
   <subfield code="9">18939</subfield>
   <subfield code="a">000001</subfield>
   <subfield code="b">000001</subfield>
   <subfield code="d">2020-02-25</subfield>
   <subfield code="o">628.53 V500</subfield>
   <subfield code="p">MD.16724</subfield>
   <subfield code="r">2020-02-25</subfield>
   <subfield code="v">88000.00</subfield>
   <subfield code="w">2020-02-25</subfield>
   <subfield code="y">BK</subfield>
  </datafield>
  <datafield tag="952" ind1=" " ind2=" ">
   <subfield code="0">0</subfield>
   <subfield code="1">0</subfield>
   <subfield code="2">ddc</subfield>
   <subfield code="4">0</subfield>
   <subfield code="6">628_530000000000000_V500</subfield>
   <subfield code="7">0</subfield>
   <subfield code="9">18940</subfield>
   <subfield code="a">000001</subfield>
   <subfield code="b">000001</subfield>
   <subfield code="d">2020-02-25</subfield>
   <subfield code="o">628.53 V500</subfield>
   <subfield code="p">MD.16725</subfield>
   <subfield code="r">2020-02-25</subfield>
   <subfield code="v">88000.00</subfield>
   <subfield code="w">2020-02-25</subfield>
   <subfield code="y">BK</subfield>
  </datafield>
  <datafield tag="952" ind1=" " ind2=" ">
   <subfield code="0">0</subfield>
   <subfield code="1">0</subfield>
   <subfield code="2">ddc</subfield>
   <subfield code="4">0</subfield>
   <subfield code="6">628_530000000000000_V500</subfield>
   <subfield code="7">0</subfield>
   <subfield code="9">18941</subfield>
   <subfield code="a">000001</subfield>
   <subfield code="b">000001</subfield>
   <subfield code="d">2020-02-25</subfield>
   <subfield code="o">628.53 V500</subfield>
   <subfield code="p">MD.16726</subfield>
   <subfield code="r">2020-02-25</subfield>
   <subfield code="v">88000.00</subfield>
   <subfield code="w">2020-02-25</subfield>
   <subfield code="y">BK</subfield>
  </datafield>
  <datafield tag="952" ind1=" " ind2=" ">
   <subfield code="0">0</subfield>
   <subfield code="1">0</subfield>
   <subfield code="2">ddc</subfield>
   <subfield code="4">0</subfield>
   <subfield code="6">628_530000000000000_V500</subfield>
   <subfield code="7">0</subfield>
   <subfield code="9">18942</subfield>
   <subfield code="a">000001</subfield>
   <subfield code="b">000001</subfield>
   <subfield code="d">2020-02-25</subfield>
   <subfield code="o">628.53 V500</subfield>
   <subfield code="p">MD.16727</subfield>
   <subfield code="r">2020-02-25</subfield>
   <subfield code="v">88000.00</subfield>
   <subfield code="w">2020-02-25</subfield>
   <subfield code="y">BK</subfield>
  </datafield>
  <datafield tag="980" ind1=" " ind2=" ">
   <subfield code="a">Thư viện Trường Đại học Nam Cần Thơ</subfield>
  </datafield>
 </record>
</collection>
